| 000 | 00913cam a2200277 a 4500 | ||
|---|---|---|---|
| 001 | 12133210 | ||
| 003 | OSt | ||
| 005 | 20240202130526.0 | ||
| 008 | 000805s2000 mau b 001 0 eng | ||
| 010 | _a 00699590 | ||
| 020 | _a0201310066 | ||
| 040 |
_aDLC _cDLC _dDLC |
||
| 050 | 0 | 0 |
_aQA76.73.J38 _bA76 2000 |
| 082 | 0 | 0 |
_a005.13 ARN 1997 _221 |
| 100 | 1 |
_aArnold, Ken.; Gosling, James _98620 |
|
| 245 | 1 | 4 | _aThe Java programming language |
| 250 | _a2nd ed. | ||
| 260 |
_aBoston : _bAddison-Wesley, _c1997 |
||
| 300 |
_axxiv, 595 p. ; _c24 cm. |
||
| 440 | 4 |
_aThe Java series _98621 |
|
| 504 | _aIncludes bibliographical references (p. 563-567) and index. | ||
| 650 | 0 |
_aJava programming _9676 |
|
| 906 |
_a7 _bcbc _corigcop _d2 _encip _f20 _gy-gencatlg |
||
| 942 |
_2ddc _cSLOAN |
||
| 999 |
_c3935 _d3935 |
||